Human resource strategies
Αποθηκεύτηκε σε:
| Άλλοι συγγραφείς: | |
|---|---|
| Μορφή: | Βιβλίο |
| Γλώσσα: | English |
| Δημοσίευση: |
London :
Sage Publications, Open University,
1992
|
| Θέματα: | |
| Ετικέτες: |
Προσθήκη ετικέτας
Δεν υπάρχουν, Καταχωρήστε ετικέτα πρώτοι!
|
MARC
| LEADER | 00000nam a2200000 i 4500 | ||
|---|---|---|---|
| 001 | 1/73677 | ||
| 008 | 990319s1992 eng d | ||
| 020 | |a 0803986270 | ||
| 035 | |l 10048866 | ||
| 040 | |a GR-MY-UA |b gre |e aacr | ||
| 041 | 0 | |a eng | |
| 082 | 0 | |a 658.3 | |
| 245 | 1 | 0 | |a Human resource strategies / |c edited by: Graeme Salaman ...[et al] |
| 260 | |a London : |b Sage Publications, |b Open University, |c 1992 | ||
| 300 | |a ix, 350 p. | ||
| 504 | |a Includes bibliographical references and index | ||
| 650 | 0 | 0 | |a Personnel management. |
| 700 | 1 | |a Salaman, Graeme. |4 edt | |
| 852 | |a INST |b CHIOS |e 19990319 |h 658.3 HUM |p 005200014544 |q 005200014544 |t BK |y 0 | ||
| 901 | |a BIBL-1999-1 | ||
| 909 | |a Χ |b 055657 | ||
| 922 | |a 2ΔΩΡ |b 199903 |c ΜΕΤΑΠΤΥΧΙΑΚΟ ΤΟΥΡΙΣΜΟΥ | ||